banner-ar

قضايا استراتيجية فى المتوسط / (Record no. 43314)

MARC details
000 -الفاتح
حقل البيانات ثابتة الطول 00898nam a2200277Ia 4500
008 - عناصر البيانات ثابتة الطول - معلومات عامة
حقل البيانات ثابتة الطول 140319s9999 xx 000 0 ara d
040 ## - مصدر الفهرسة
وكالة الفهرسة الأصلية GCL /
وكالة النسخ GCL
082 04 - رقم تصنيف ديوى العشرى
رقم التصنيف 320.9
رقم المادة س ق
100 1# - المدخل الرئيسى - إسم شخصى
الإسم الشخصى سمير امين
245 10 - بيان العنوان
العنوان قضايا استراتيجية فى المتوسط /
بيان المسئوليه,etc سمير امين
700 1# - المدخل الاضافى - اسم شخصى
الإسم الشخصى حسن نافعة
700 1# - المدخل الاضافى - اسم شخصى
الإسم الشخصى محمد سيد احمد
700 1# - المدخل الاضافى - اسم شخصى
الإسم الشخصى فهيمة شرف الدين
700 1# - المدخل الاضافى - اسم شخصى
الإسم الشخصى سناء ابوشقرة
300 ## - الوصف المادى
التعداد 223
490 ## - بيان السلسلة
عنوان السلسلة المتوسط فى السياسة الدولية
رقم المجلد/ التعيين التسلسلي 0
650 04 - المدخل الاضافى بالموضوع-مصطلح موضوعى
مصطلح موضوعي العالم العربى
650 04 - المدخل الاضافى بالموضوع-مصطلح موضوعى
مصطلح موضوعي نزع السلاح
650 04 - المدخل الاضافى بالموضوع-مصطلح موضوعى
مصطلح موضوعي الخليج العربى
650 04 - المدخل الاضافى بالموضوع-مصطلح موضوعى
مصطلح موضوعي حرب الخليج
650 04 - المدخل الاضافى بالموضوع-مصطلح موضوعى
مصطلح موضوعي الجغرافيا السياسية
650 04 - المدخل الاضافى بالموضوع-مصطلح موضوعى
مصطلح موضوعي الصراع العربى الاسرائيلى
650 04 - المدخل الاضافى بالموضوع-مصطلح موضوعى
مصطلح موضوعي دول البحر المتوسط
942 ## - عناصر المدخل الإضافي( كوها)
مصدر التصنيف او مخطط الترفيف Dewey Decimal Classification
Koha [default] item type كتاب
Holdings
حالة التراجع حالة الفقد حالة تلف ليس للاعارة المكان المؤقت الموقع الحالى تاريخ الاكتساب اجمالي اﻻعارات رقم الطلب الباركود تاريخ اخر مشاهدة تاريخ تفعيل السعر نوع وعاء كوها
        مكتبة القاهرة الكبرى مكتبة القاهرة الكبرى 03/26/2014   320.9\س ق 104782 03/26/2014 03/26/2014 كتاب
        مكتبة القاهرة الكبرى مكتبة القاهرة الكبرى 03/26/2014   320.9\س ق 104783 03/26/2014 03/26/2014 كتاب
        مكتبة القاهرة الكبرى مكتبة القاهرة الكبرى 03/26/2014   320.9\س ق 104784 03/26/2014 03/26/2014 كتاب

Powered By

EGPV